000 00866cab a2200277 4500
001 WB3009-35
008 090401t1994 xxu||||| |||| 00| 0 eng d
035 _a(Sirsi) u30596
041 _aeng
245 _aProperty prices paid should be made public
260 _c1994
350 _a0
490 _aRICS Press Release
_v(PR31/94RES) 1 March 1994 (3)
520 _aIn response to the Land Registry consultation paper, the RICS supports the idea of restoring `price paid` information to the Land Register. This has not been included since 1976.
650 _aACCESS
650 _aDOMESDAY 2000
650 _aFREEDOM OF INFORMATION
650 _aHISTORICAL DATA
650 _aHM LAND REGISTRY
650 _aPRICE INFORMATION
650 _aRICS
650 _aVALUATIONS
690 _aPROPERTY LAW AND PRACTICE
942 _n0
948 _c04/03/1997
999 _c20625
_d20625